2023 ATP Year-End Rankings - Statistics

General Stats
  • This quiz has been taken 2 times
  • The average score is 31 of 100
Answer Stats
Picture Answer % Correct
Carlos Alcaraz
100%
Daniil Medvedev
100%
Jannik Sinner
100%
Novak Djokovic
100%
Stan Wawrinka
100%
Alejandro Davidovich Fokina
50%
Alejandro Tabilo
50%
Alexander Bublik
50%
Alexander Zverev
50%
Alexandre Muller
50%
Alex De Minaur
50%
Alexei Popyrin
50%
Alex Michelsen
50%
Andrey Rublev
50%
Andy Murray
50%
Arthur Fils
50%
Arthur Rinderknech
50%
Ben Shelton
50%
Borna Coric
50%
Cameron Norrie
50%
Casper Ruud
50%
Daniel Altmaier
50%
Fabian Marozsan
50%
Felix Auger-Aliassime
50%
Frances Tiafoe
50%
Francisco Cerundolo
50%
Gael Monfils
50%
Grigor Dimitrov
50%
Holger Rune
50%
Hubert Hurkacz
50%
Jack Draper
50%
Jaume Munar
50%
Jiri Lehecka
50%
Jordan Thompson
50%
Karen Khachanov
50%
Laslo Djere
50%
Lorenzo Musetti
50%
Lorenzo Sonego
50%
Marcos Giron
50%
Marton Fucsovics
50%
Matteo Berrettini
50%
Miomir Kecmanovic
50%
Nicolas Jarry
50%
Nuno Borges
50%
Roberto Carballes Baena
50%
Sebastian Baez
50%
Sebastian Korda
50%
Sebastian Ofner
50%
Stefanos Tsitsipas
50%
Tallon Griekspoor
50%
Taylor Fritz
50%
Thiago Seyboth Wild
50%
Tomas Machac
50%
Tomas Martin Etcheverry
50%
Tommy Paul
50%
Ugo Humbert
50%
Yoshihito Nishioka
50%
Adrian Mannarino
0%
Albert Ramos-Vinolas
0%
Aleksander Vukic
0%
Alexander Shevchenko
0%
Aslan Karatsev
0%
Benjamin Bonzi
0%
Bernabé Zapata Miralles
0%
Borna Gojo
0%
Botic Van De Zanschulp
0%
Christopher Eubanks
0%
Christopher O'Connell
0%
Constant Lestienne
0%
Cristian Garin
0%
Daniel Elahi Galan
0%
Daniel Evans
0%
Dominic Stricker
0%
Dominic Thiem
0%
Dominik Koepfer
0%
Dusan Lajovic
0%
Emil Ruusuuvuori
0%
Facundo Diaz Acosta
0%
Federico Coria
0%
Gregoire Barrere
0%
Jan-Lennard Struff
0%
JJ Wolf
0%
Juan Pablo Varillas
0%
Luca Van Assche
0%
Mackenzie McDonald
0%
Matteo Arnaldi
0%
Maximilian Marterer
0%
Max Purcell
0%
Pavel Kotov
0%
Pedro Cachin
0%
Quentin Halys
0%
Richard Gasquet
0%
Rinky Hijikata
0%
Roberto Bautista Agut
0%
Roman Safiullin
0%
Taro Daniel
0%
Thanasi Kokkinakis
0%
Yannick Hanfmann
0%
Yosuke Watanuki
0%
Zhang Zhizhen
0%
No matching quizzes found
Score Distribution
Percent of People with Each Score
Percentile by Number Answered
Your Score History
You have not taken this quiz